000 00345nam a2200133Ia 4500
008 210430s9999 xx 000 0 und d
020 _a0-534-38026-3
082 _a620.112 P999M
100 _aAndrew Pytel
_913395
245 _aMechanics of Materials
_cAndrew Pytel
260 _aAustralia
_bThomson
_c2003
300 _a545p
942 _cBK
_2ddc
999 _c564687
_d564687